Le Corbusier: Die Lyrik der Architektur im Maschinenzeitalter. 1887-1965
Guardado en:
| Autor principal: | |
|---|---|
| Formato: | Libro |
| Lenguaje: | alemán |
| Publicado: |
Colonia
Taschen
2015
|
| Edición: | 1a. ed |
| Materias: | |
| Etiquetas: |
Agregar Etiqueta
Sin Etiquetas, Sea el primero en etiquetar este registro!
|
MARC
| LEADER | 00000cam a2200000 a 4500 | ||
|---|---|---|---|
| 001 | UCB0150 | ||
| 003 | CL-VaPUC | ||
| 005 | 20240703091508.0 | ||
| 008 | 191213e20150000gw ger d | ||
| 020 | |a 9783836560320 | ||
| 082 | 0 | 4 | |a 720 |b COH |2 21 |
| 100 | 1 | |a Cohen, Jean-Louis |e author |9 605479 | |
| 245 | 1 | 0 | |a Le Corbusier: Die Lyrik der Architektur im Maschinenzeitalter. 1887-1965 |
| 250 | |a 1a. ed | ||
| 260 | |a Colonia |b Taschen |c 2015 | ||
| 300 | |a 96 p | ||
| 583 | |a last modification |c 20191213 11:48:00 |k Rodrigo Vera | ||
| 600 | 1 | 7 | |a JEANNERET PERRET, CHARLES-EDOUARD |2 CL-VaPUC |9 557711 |
| 650 | 0 | 0 | |a Arquitectura suiza |9 345040 |
| 650 | 0 | 0 | |a Arquitectos suizos |9 557713 |
| 942 | |c BK | ||
| 945 | |a dcastane |d 20191213 11:48:00 | ||
| 999 | |c 376353 |d 376351 | ||
| 952 | |0 0 |1 0 |3 erd |4 0 |6 720_000000000000000_COH_2015 |7 0 |8 ? |9 495744 |a BIBARQ |b BIBARQ |i 5611776 |l 5 |o 720 COH 2015 |p 5611776 |r 2025-05-09 |s 2025-05-02 |w 2020-01-06 |y BK |z Catalogado en:20191213 |k ARQ | ||